000 00522nam a2200217Ia 4500
003 OSt
005 20220928140645.0
006 a|||||r|||| 00| 0
007 ta
008 220927b |||||||| |||| 00| 0 eng d
024 _a10625
037 _cTextual
040 _aSDCL
_cSDCL
_beng
041 _2eng
_aeng
082 _aX:77-6, L7
100 _aNewlyn W T
245 0 _aFinancing of economic development
260 _c1977
942 _hX:77-6, L7
_cTEXL
_2CC
999 _c813107
_d813107